| 000 | 00456nam a2200145 a 4500 | ||
|---|---|---|---|
| 001 | 3324 | ||
| 003 | CDMR | ||
| 005 | 20151016134202.0 | ||
| 008 | 130130s2001||||||||||||||||||||||||||||d | ||
| 040 |
_aCDMR _bcat _cCPC LLEIDA |
||
| 110 | 1 |
_9828 _aConsell de l'Audiovisual de Catalunya |
|
| 245 | 1 | 0 |
_aRecomanacions sobre el tractament informatiu de les tragèdies personals _cConsell de l'Audiovisual de Catalunya |
| 260 |
_aBarcelona _c2001 _bCAC |
||
| 942 |
_cMON _2udc |
||
| 999 |
_c3324 _d3324 |
||